| 000 | 01043nam0a22003011 4500 | ||
|---|---|---|---|
| 001 | rc\2632986 | ||
| 005 | 20250623150313.0 | ||
| 035 | _a(NLR Aleph) 006796404 | ||
| 090 |
_a6197634 _c6197634 |
||
| 100 | _a20110914d1932 |||y0rusy50 ca | ||
| 101 | 0 | _arus | |
| 102 | _aRU | ||
| 105 | _aa z ||||| | ||
| 200 | 1 |
_aСтроим бесклассовое социалистическое общество _fС. Детина, С. палчков, Е. Файн _gПод ред. т. С. Партичул и Даенман |
|
| 210 |
_a[Москва] _cПартиздат _d1932 _gтип. "Образцовая" |
||
| 215 |
_aОбл., 104 с. _cил. _d22х15 см. |
||
| 225 | 1 | _aБиблиотека рабочего активиста | |
| 700 | 1 |
_aДетина _bС. |
|
| 701 | 1 |
_aФайн _bЕ. |
|
| 701 | 1 |
_aПалчков _bС. |
|
| 702 | 1 |
_aПартичул _bС. _4340 |
|
| 702 | 1 |
_aДаенман _4340 |
|
| 801 | 0 |
_aRU _bNLR _gpsbo |
|
| 801 | 1 |
_aRU _bELAR _2rusmarc |
|
| 852 |
_aNLR _j32-10/5360 |
||
| 942 | _cBOOK | ||
| 980 | _aNB | ||